书目信息 |
| 题名: |
中国古代经济文选
|
|
| 作者: | 陈绍闻 主编 ;周彦彬 编写 | |
| 分册: | 第一分册 | |
| 出版信息: | 上海 上海人民出版社 1980-1985 |
|
| 页数: | 260页 | |
| 开本: | 21cm | |
| 丛书名: | ||
| 单 册: | ||
| 中图分类: | F129.2 | |
| 科图分类: | ||
| 主题词: | 经济学--中国--古代--文集 , 经济--中国 | |
| 电子资源: | ||
| ISBN: | ||
| 000 | 00811nam0 2200277 45 | |
| 001 | 0180007891 | |
| 005 | 20060803084159.89 | |
| 010 | @dCNY0.82(1),1.10(2),0.83(3) | |
| 091 | @aCN@b4074.437(1) | |
| 091 | @aCN@b4074.462(2) | |
| 091 | @aCN@b4074.493(3) | |
| 100 | @a19950612f19801985em y0chiy0121 ea | |
| 101 | 0 | @achi |
| 102 | @aCN@b310000 | |
| 105 | @ay z 000yy | |
| 200 | 10 | @a中国古代经济文选@Azhong guo gu dai jing jiwen xuan@h第一分册@f陈绍闻主编@g周彦彬等编写 |
| 210 | @a上海@c上海人民出版社@d1980-1985 | |
| 215 | @a260页@d21cm | |
| 606 | @a经济学@y中国@z古代@x文集 | |
| 606 | 0 | @a经济@x中国 |
| 690 | @aF129.2@v3 | |
| 701 | 0 | @a陈绍闻@Achen shao wen@4主编 |
| 702 | 0 | @a周彦彬@Azhou yan bin@4编写 |
| 801 | 2 | @aCN@bNLC@c20060803 |
| 801 | 0 | @aCN@bTSSF@c20060802 |
| 905 | @a10447@dF129.2@e74 | |
| 中国古代经济文选.第一分册/陈绍闻主编/周彦彬等编写.-上海:上海人民出版社,1980-1985 |
| 260页;21cm |
| ISBN :CNY0.82(1),1.10(2),0.83(3) |
| ● |
| 相关链接 |
|
|
|
|
正题名:中国古代经济文选
索取号:F129.2/74
 
预约/预借
| 序号 | 登录号 | 条形码 | 馆藏地/架位号 | 状态 | 备注 |
| 1 | 0426000 | 204260003 | 密集书库/ [索取号:F129.2/74] | 在馆 | |
| 2 | 0441770 | 204417700 | 密集书库/ [索取号:F129.2/74] | 在馆 | |
| 3 | 0442181 | 204421811 | 密集书库/ [索取号:F129.2/74] | 在馆 |